| 000 | 01095nam0a22002651 4500 | ||
|---|---|---|---|
| 001 | RU\NLR\INFOCOMM_253\5000055617 | ||
| 005 | 20250613101818.0 | ||
| 035 | _a(NLR Aleph) 009394537 | ||
| 090 |
_a8064452 _c8064452 |
||
| 100 | _a20110112d1934 |||y0rusy50 ca | ||
| 101 | 0 | _aeng | |
| 102 | _aRU | ||
| 105 | _aa ||||000|y | ||
| 200 | 1 |
_a... Tectonics of the south-eastern Caucasus and its relation to the productive oil fields _fI. M. Goubkin ... |
|
| 210 |
_aLeningrad _aMoscow ... [etc.]] _cONTI-NKPT-USSR, State scientific-technical publishing office for mining, geology and oil industry _d1934 |
||
| 215 |
_a50, [1] с., 2 л. карт., 7 отд. л. карт., табл. и диагр. _cкарт., табл., диагр. _d26 см |
||
| 320 | _aБиблиография: с. 50-[51] | ||
| 607 |
_aАзербайджан _xТектоника _2nlr_sh1 |
||
| 700 | 1 |
_9z01790 _aGubkin _bI. M. _f1871-1939 _gIvan Michajlovič _4070 |
|
| 790 | 1 |
_9z01700 _aGoubkin _bI. M. _4070 |
|
| 801 | 1 |
_aRU _bNLR _c20110112 |
|
| 801 | 0 |
_aRU _bNLR _gPSBO |
|
| 852 |
_aNLR _jD5/29 _y2 экз. |
||
| 942 | _cBOOK | ||
| 980 | _aNB | ||